A quel livre appartient cet incipit ? - Statistiques

Statistiques générales
  • Ce quiz a été pris 333 fois
  • Le résultat moyen est 7 sur 20
Statistiques - réponses
Incipit Livre % Correct
Au commencement, Dieu créa le Ciel et la Terre La Bible
88%
Aujourd'hui, Maman est morte. Ou peut-être hier, je ne sais pas. L'étranger
84%
Mr et Mrs Dursley, qui habitaient au 4, Privet Drive, avaient toujours affirmé avec la plus grande fierté qu’ils étaient parfaitement normaux, merci pour eux. Harry Potter à l'école des sorciers
78%
En se réveillant un matin après des rêves agités, Gregor Samsa se retrouva, dans son lit, métamorphosé en un monstrueux insecte. La métamorphose
62%
Le vieil homme pêchait seul dans le Gulf Stream sur son canot depuis quatre-vingt-quatre jours sans avoir pris un poisson. Le vieil homme et la mer
50%
Longtemps, je me suis couché de bonne heure. Du côté de chez Swann
47%
Lorsque j’avais six ans j’ai vu, une fois, une magnifique image, dans un livre sur la Forêt Vierge qui s’appelait « Histoires Vécues ». Ça représentait un serpent boa qui avalait un fauve. Le petit prince
47%
Il y a aujourd’hui trois cent quarante-huit ans six mois et dix-neuf jours que les Parisiens s’éveillèrent au bruit de toutes les cloches sonnant à grande volée dans la triple enceinte de la Cité, de l’Université et de la Ville. Notre-Dame de Paris
41%
Quand la caissière lui eut rendu la monnaie de sa pièce de cent sous, Georges Duroy sortit du restaurant. Bel-Ami
34%
Appelez-moi Ismaël. Moby Dick
29%
Dans la plaine rase, sous la nuit sans étoiles, d’une obscurité et d’une épaisseur d’encre, un homme suivait seul la grande route de Marchiennes à Montsou dix kilomètres de pavé coupant tout droit, à travers les champs de betteraves. Germinal
28%
Il y avait à Montmartre, au troisième étage du 75 bis de la rue d’Orchampt, un excellent homme nommé Dutilleul qui possédait le don singulier de passer à travers les murs sans en être incommodé. Le passe-muraille
28%
Le plaisir d'incendier ! Fahrenheit 451
25%
C’est une vérité universellement reconnue qu’un célibataire pourvu d’ une belle fortune doit avoir envie de se marier. Orgueil et préjugés
25%
Ca a commencé comme ça. Voyage au bout de la nuit
25%
De chaque côté du fleuve glacé, l’immense forêt de sapins s’allongeait, sombre et comme menaçante. Croc-Blanc
14%
C'est fini. La plage de Big Sur est vide, et je demeure sur le sable, à l'endroit même où je suis tombé. La promesse de l'aube
11%
Comment s’étaient-ils rencontrés? Par hasard, comme tout le monde. Jacques le fataliste
9%
Nous étions quelque part dans le coin de Barstow aux abords du désert quand les drogues ont commencé à nous travailler. Las Vegas Parano
5%
À mon sens, la plus grande faveur que le ciel nous ait accordée, c’est l’incapacité de l’esprit humain à mettre en corrélation tout ce qu’il renferme. L'appel de Cthulhu
3%
Aucun quiz correspondant
Distribution des résultats
% des personnes avec chaque résultat
Percentile par nombre de réponses
Votre historique - résultats
Vous n’avez pas pris ce quiz